Materials science (Record no. 33233)

MARC details
000 -LEADER
fixed length control field 00450nam a2200181Ia 4500
008 - FIXED-LENGTH DATA ELEMENTS--GENERAL INFORMATION
fixed length control field 230917s9999||||xx |||||||||||||| ||und||
020 ## - ISBN
Price RS375
040 ## - CATALOGING SOURCE
-- 258350
Original cataloging agency VIVEKANANDA LIBRARY
041 ## - Language
-- English
082 ## - DDC NUMBER
Classification number 620.11 K529M(5)
100 ## - MAIN ENTRY--PERSONAL NAME
Personal name Khurmi, R S
245 #0 - TITLE STATEMENT
Title Materials science
250 ## - EDITION STATEMENT
Edition statement 5th ed.
260 ## - PUBLICATION, DISTRIBUTION, ETC. (IMPRINT)
Place of publication, distribution, etc New Delhi
Name of publisher, distributor, etc S Chand
Date of publication, distribution, etc 2018
300 ## - PHYSICAL DESCRIPTION
Pages 367 p.
500 ## - GENERAL NOTE
General note 3668 14/10/2019 HBD19/7972 22/10/2019 Main Budget
942 ## - ADDED ENTRY ELEMENTS (KOHA)
Koha item type Books
Holdings
Withdrawn status Lost status Damaged status Not for loan Location (home branch) Sublocation or collection (holding branch) Shelving location Date acquired Koha issues (times borrowed) Koha full call number Accession No. Koha date last seen Koha item type
        VIVEKANANDA LIBRARY VIVEKANANDA LIBRARY UIET Library 03/12/2019   620.11 K529M(5) 389879 17/09/2023 Books
        VIVEKANANDA LIBRARY VIVEKANANDA LIBRARY UIET Library 03/12/2019   620.11 K529M(5) 389880 17/09/2023 Books
        VIVEKANANDA LIBRARY VIVEKANANDA LIBRARY UIET Library 03/12/2019   620.11 K529M(5) 389881 17/09/2023 Books
        VIVEKANANDA LIBRARY VIVEKANANDA LIBRARY UIET Library 03/12/2019   620.11 K529M(5) 389882 17/09/2023 Books
        VIVEKANANDA LIBRARY VIVEKANANDA LIBRARY UIET Library 03/12/2019 1 620.11 K529M(5) 389883 19/03/2024 Books
© Designed and Maintained by Vivekananda Library, MDU Rohtak